Statistics for Country Roads Lyrics

Click here to take the quiz!

General Stats

  • This quiz has been taken 82 times
  • The average score is 24 of 30

Answer Stats

Lyrics% Correct
Country roads, {take} {me} {home}
100%
Country roads, {take} {me} {home}
100%
Country roads, {take} {me} {home}
100%
Country roads, {take} {me} {home}
100%
To the place {I} {belong}
100%
To the place {I} {belong}
100%
To the place {I} {belong}
100%
To the place {I} {belong}
100%
Take me home, {country} {roads}
95%
Take me home, {country} {roads}
95%
Take me home, {country} {roads}
95%
Take me home, {country} {roads}
95%
Almost heaven, {West} {Virginia}
94%
West Virginia, mountain {Momma}
92%
West Virginia, mountain {Momma}
92%
West Virginia, mountain {Momma}
92%
West Virginia, mountain {Momma}
92%
{Blue} {ridge} mountains, Shenandoah river
85%
Younger than the {mountains}, growin' like a breeze
85%
Life is old there, older than the {trees}
82%
That I should have been home {yesterday}, {yesterday}
71%
Radio reminds me of my home {far} {away}
63%
Misty taste of {moonshine}, teardrops in my eyes
62%
I hear her voice in the mornin' hour {she} {calls} {me}
59%
All my memories, {gather} {'round} her
58%
Miner's lady, stranger to {blue} {water}
55%
Dark and dusty, {painted} on the sky
47%
{Drivin'} {down} the road I get a feelin'
46%
Take me home, {down} {country} {roads}
35%
Take me home, {down} {country} {roads}
35%

Score Distribution

Percentile by Number Answered

Percent of People with Each Score

Your Score History

You have not taken this quiz